Hősi emléktábla [dombormű fényképe] /
Elmentve itt :
| Szerző: | |
|---|---|
| Dokumentumtípus: | Cikk |
| Megjelent: |
1970-02-25
|
| Sorozat: | Délmagyarország
60 No. 47 |
| Kulcsszavak: | Szobrászat Szeged, szobrászat-emléktábla |
| Online Access: | http://dmarchiv.bibl.u-szeged.hu/77400 |
| LEADER | 00486nab a2200157 i 4500 | ||
|---|---|---|---|
| 001 | delm77400 | ||
| 005 | 20180928084305.0 | ||
| 008 | 180928s1970 hu o 0|| hun d | ||
| 040 | |a SZTE Délmagyarország Archívum |b hun | ||
| 041 | |a hun | ||
| 100 | 1 | |a Margó Ede | |
| 245 | 1 | 0 | |a Hősi emléktábla |h [elektronikus dokumentum] : |b [dombormű fényképe] / |c Margó Ede |
| 260 | |c 1970-02-25 | ||
| 300 | |a 5 | ||
| 490 | 0 | |a Délmagyarország |v 60 No. 47 | |
| 695 | |a Szobrászat Szeged, szobrászat-emléktábla | ||